000 00456nam a22001817a 4500
003 CEME
005 20210628203034.0
008 210216b xxu||||| |||| 00| 0 eng d
020 _a0-07-136973-2
040 _c.
082 _a516 RIC
100 _aRich, Barnett , Schmidt, Philip A
_962982
245 _aGeometry, schaums outlines easy
260 _aNEW YORK
_bMCGRAW HILL
_c2001
300 _aV,138P
650 _aGEOMETRY
_933411
942 _cBK
_2ddc
999 _c571929
_d571929